[Event "Grand Swiss "]
[Date "2025.09.04"]
[White "Shankland, Sam"]
[Black "Wagner, Dennis"]
[WhiteElo "2670"]
[BlackElo "2608"]
[Round "1.1.34"]
[Result "1-0"]

1. e4 {[%clk 01:40:48] [%emt 00:00:12]} e5 {[%clk 01:40:47] [%emt 00:00:13]} 2.
Nf3 {[%clk 01:41:14] [%emt 00:00:05]} Nc6 {[%clk 01:41:02] [%emt 00:00:14]} 3.
Bc4 {[%clk 01:41:37] [%emt 00:00:07]} Bc5 {[%clk 01:41:14] [%emt 00:00:18]} 4.
c3 {[%clk 01:42:00] [%emt 00:00:07]} Nf6 {[%clk 01:41:32] [%emt 00:00:13]} 5. d3
{[%clk 01:42:27] [%emt 00:00:03]} O-O {[%clk 01:41:21] [%emt 00:00:41]} 6. b4
{[%clk 01:42:04] [%emt 00:00:53]} Be7 {[%clk 01:40:54] [%emt 00:00:56]} 7. Nbd2
{[%clk 01:42:27] [%emt 00:00:06]} d6 {[%clk 01:33:10] [%emt 00:08:15]} 8. O-O
{[%clk 01:38:27] [%emt 00:04:30]} a5 {[%clk 01:31:59] [%emt 00:01:41]} 9. b5
{[%clk 01:38:22] [%emt 00:00:35]} Nb8 {[%clk 01:32:23] [%emt 00:00:06]} 10. a4
{[%clk 01:34:15] [%emt 00:04:38]} Nbd7 {[%clk 01:21:23] [%emt 00:11:29]} 11. Re1
{[%clk 01:25:45] [%emt 00:09:00]} h6 {[%clk 01:10:45] [%emt 00:11:09]} 12. Bb3
{[%clk 01:22:47] [%emt 00:03:27]} Re8 {[%clk 01:06:21] [%emt 00:04:54]} 13. d4
{[%clk 01:20:11] [%emt 00:03:07]} Bf8 {[%clk 01:06:26] [%emt 00:00:24]} 14. Bb2
{[%clk 01:18:02] [%emt 00:02:40]} Nh5 {[%clk 00:50:39] [%emt 00:16:16]} 15. Nc4
{[%clk 01:11:22] [%emt 00:07:10]} Nf4 {[%clk 00:46:56] [%emt 00:04:12]} 16. Bc1
{[%clk 00:59:16] [%emt 00:12:37]} Qf6 {[%clk 00:41:33] [%emt 00:05:53]} 17. Bxf4
{[%clk 00:57:14] [%emt 00:02:32]} Qxf4 {[%clk 00:41:52] [%emt 00:00:11]} 18. g3
{[%clk 00:56:27] [%emt 00:01:17]} Qf6 {[%clk 00:42:05] [%emt 00:00:17]} 19. Re3
{[%clk 00:56:07] [%emt 00:00:51]} Qe7 {[%clk 00:25:36] [%emt 00:16:58]} 20. Ra2
{[%clk 00:52:09] [%emt 00:04:28]} g6 {[%clk 00:24:27] [%emt 00:01:39]} 21. h4
{[%clk 00:50:10] [%emt 00:02:29]} Bg7 {[%clk 00:23:25] [%emt 00:01:32]} 22. Rd2
{[%clk 00:49:17] [%emt 00:01:22]} exd4 {[%clk 00:16:31] [%emt 00:07:25]} 23.
cxd4 {[%clk 00:49:23] [%emt 00:00:24]} Nf6 {[%clk 00:16:55] [%emt 00:00:06]} 24.
e5 {[%clk 00:44:24] [%emt 00:05:29]} Ng4 {[%clk 00:08:53] [%emt 00:08:32]} 25.
Re1 {[%clk 00:44:39] [%emt 00:00:14]} d5 {[%clk 00:09:06] [%emt 00:00:18]} 26.
Nb2 {[%clk 00:42:42] [%emt 00:02:26]} Be6 {[%clk 00:05:48] [%emt 00:03:49]} 27.
h5 {[%clk 00:42:05] [%emt 00:01:08]} g5 {[%clk 00:04:59] [%emt 00:01:19]} 28.
Nd3 {[%clk 00:41:40] [%emt 00:00:54]} f5 {[%clk 00:02:55] [%emt 00:02:34]} 29.
exf6 {[%clk 00:40:02] [%emt 00:02:09]} Qxf6 {[%clk 00:03:23] [%emt 00:00:01]}
30. Nfe5 {[%clk 00:40:09] [%emt 00:00:23]} Nxe5 {[%clk 00:03:19] [%emt
00:00:35]} 31. Nxe5 {[%clk 00:40:13] [%emt 00:00:25]} Rac8 {[%clk 00:01:20]
[%emt 00:02:29]} 32. Rde2 {[%clk 00:39:52] [%emt 00:00:50]} c6 {[%clk 00:01:18]
[%emt 00:00:33]} 33. bxc6 {[%clk 00:39:57] [%emt 00:00:26]} bxc6 {[%clk
00:01:47]} 34. Bc2 {[%clk 00:40:07] [%emt 00:00:19]} c5 {[%clk 00:00:37] [%emt
00:01:40]} 35. Ng4 {[%clk 00:39:36] [%emt 00:01:01]} Qxd4 {[%clk 00:00:38] [%emt
00:00:29]} 36. Rxe6 {[%clk 00:39:44] [%emt 00:00:22]} Rxe6 {[%clk 00:01:04]
[%emt 00:00:04]} 37. Rxe6 {[%clk 00:40:10] [%emt 00:00:04]} Qxd1+ {[%clk
00:01:24] [%emt 00:00:10]} 38. Bxd1 {[%clk 00:40:37] [%emt 00:00:04]} c4 {[%clk
00:01:17] [%emt 00:00:37]} 39. Nxh6+ {[%clk 00:40:28] [%emt 00:00:39]} Bxh6
{[%clk 00:01:21] [%emt 00:00:25]} 40. Rxh6 {[%clk 00:40:53] [%emt 00:00:04]} d4
{[%clk 00:01:42] [%emt 00:00:10]} 41. Rg6+ {[%clk 00:39:56] [%emt 00:01:28]} Kh7
{[%clk 00:01:48] [%emt 00:00:24]} 42. Rxg5 {[%clk 00:39:54] [%emt 00:00:32]} d3
{[%clk 00:02:01] [%emt 00:00:16]} 43. Rd5 {[%clk 00:40:18] [%emt 00:00:06]} Rb8
{[%clk 00:50:22] [%emt 00:02:09]} 44. Kg2 {[%clk 01:30:23] [%emt 00:00:25]} Kg7
{[%clk 00:49:33] [%emt 00:01:19]} 45. Rd6 {[%clk 01:28:44] [%emt 00:02:09]} Rb1
{[%clk 00:47:11] [%emt 00:02:52]} 46. h6+ {[%clk 01:29:06] [%emt 00:00:08]} Kf7
{[%clk 00:47:31] [%emt 00:00:10]} 47. Bh5+ {[%clk 01:28:41] [%emt 00:00:55]} Ke7
{[%clk 00:47:44] [%emt 00:00:18]} 48. Rd4 {[%clk 01:28:39] [%emt 00:00:31]} c3
{[%clk 00:47:45] [%emt 00:00:30]} 49. h7 {[%clk 01:29:03] [%emt 00:00:05]} 1-0

[Site "Europe Echecs"]

[Event "Grand Swiss "]
[Date "2025.09.04"]
[White "Suleymanli, Aydin"]
[Black "Karthikeyan, Murali"]
[WhiteElo "2602"]
[BlackElo "2669"]
[Round "1.1.35"]
[Result "1-0"]

1. e4 {[%clk 01:40:57] [%emt 00:00:02]} c5 {[%clk 01:40:44] [%emt 00:00:17]} 2.
Nf3 {[%clk 01:41:22] [%emt 00:00:04]} Nc6 {[%clk 01:41:06] [%emt 00:00:08]} 3.
c3 {[%clk 01:41:50] [%emt 00:00:03]} Nf6 {[%clk 01:39:19] [%emt 00:02:16]} 4. e5
{[%clk 01:42:16] [%emt 00:00:05]} Nd5 {[%clk 01:39:41] [%emt 00:00:07]} 5. Bc4
{[%clk 01:42:30] [%emt 00:00:16]} Nb6 {[%clk 01:36:30] [%emt 00:03:41]} 6. Bb3
{[%clk 01:42:41] [%emt 00:00:18]} c4 {[%clk 01:36:45] [%emt 00:00:16]} 7. Bc2
{[%clk 01:43:07] [%emt 00:00:04]} d6 {[%clk 01:37:05] [%emt 00:00:10]} 8. exd6
{[%clk 01:43:02] [%emt 00:00:35]} Qxd6 {[%clk 01:37:23] [%emt 00:00:12]} 9. O-O
{[%clk 01:43:09] [%emt 00:00:24]} Bg4 {[%clk 01:37:32] [%emt 00:00:21]} 10. h3
{[%clk 01:43:32] [%emt 00:00:06]} Bh5 {[%clk 01:37:17] [%emt 00:00:45]} 11. Re1
{[%clk 01:43:00] [%emt 00:01:02]} O-O-O {[%clk 01:35:55] [%emt 00:01:52]} 12.
Na3 {[%clk 01:41:05] [%emt 00:02:26]} Qf6 {[%clk 01:31:06] [%emt 00:05:18]} 13.
b3 {[%clk 01:41:05] [%emt 00:00:30]} Nd5 {[%clk 01:30:51] [%emt 00:00:45]} 14.
Nxc4 {[%clk 01:41:08] [%emt 00:00:27]} b5 {[%clk 01:31:04] [%emt 00:00:17]} 15.
Nb2 {[%clk 01:41:03] [%emt 00:00:35]} Nxc3 {[%clk 01:13:43] [%emt 00:17:51]} 16.
dxc3 {[%clk 01:41:29] [%emt 00:00:05]} Rxd1 {[%clk 01:14:05] [%emt 00:00:08]}
17. Bxd1 {[%clk 01:41:49] [%emt 00:00:09]} e6 {[%clk 01:02:59] [%emt 00:11:36]}
18. g4 {[%clk 01:42:00] [%emt 00:00:20]} Bg6 {[%clk 01:01:56] [%emt 00:01:32]}
19. Bg5 {[%clk 01:40:06] [%emt 00:02:25]} Qxc3 {[%clk 01:01:50] [%emt 00:00:36]}
20. Rc1 {[%clk 01:40:30] [%emt 00:00:06]} Qxb2 {[%clk 01:02:06] [%emt 00:00:13]}
21. Rxc6+ {[%clk 01:40:54] [%emt 00:00:06]} Kb7 {[%clk 01:00:10] [%emt
00:02:26]} 22. Ne5 {[%clk 01:41:04] [%emt 00:00:20]} Qxe5 {[%clk 00:58:17] [%emt
00:02:23]} 23. Rxe5 {[%clk 01:41:26] [%emt 00:00:08]} Kxc6 {[%clk 00:58:43]
[%emt 00:00:04]} 24. Bf3+ {[%clk 01:41:39] [%emt 00:00:17]} Kb6 {[%clk 00:58:45]
[%emt 00:00:27]} 25. Bd8+ {[%clk 01:31:13] [%emt 00:10:56]} Ka6 {[%clk 00:58:33]
[%emt 00:00:43]} 26. a4 {[%clk 01:30:49] [%emt 00:00:54]} Bd3 {[%clk 00:36:59]
[%emt 00:22:04]} 27. Bc6 {[%clk 01:30:53] [%emt 00:00:26]} Bc5 {[%clk 00:34:39]
[%emt 00:02:49]} 28. axb5+ {[%clk 01:30:29] [%emt 00:00:55]} Bxb5 {[%clk
00:35:04] [%emt 00:00:06]} 29. Rxc5 {[%clk 01:30:54] [%emt 00:00:05]} Rxd8
{[%clk 00:35:18] [%emt 00:00:15]} 30. Bxb5+ {[%clk 01:31:10] [%emt 00:00:14]}
Kb6 {[%clk 00:35:42] [%emt 00:00:06]} 31. b4 {[%clk 01:31:31] [%emt 00:00:09]}
a5 {[%clk 00:33:41] [%emt 00:02:31]} 32. Ba4 {[%clk 01:30:49] [%emt 00:01:11]}
axb4 {[%clk 00:33:15] [%emt 00:00:56]} 33. Rb5+ {[%clk 01:31:16] [%emt
00:00:04]} Kc7 {[%clk 00:33:37] [%emt 00:00:07]} 34. Rxb4 {[%clk 01:31:41] [%emt
00:00:05]} Rd5 {[%clk 00:25:29] [%emt 00:08:39]} 35. Rf4 {[%clk 01:30:05] [%emt
00:02:07]} f5 {[%clk 00:25:35] [%emt 00:00:23]} 36. Bb3 {[%clk 01:30:00] [%emt
00:00:35]} Re5 {[%clk 00:25:17] [%emt 00:00:48]} 37. gxf5 {[%clk 01:28:40] [%emt
00:01:50]} exf5 {[%clk 00:24:21] [%emt 00:01:26]} 38. Bg8 {[%clk 01:29:02] [%emt
00:00:09]} g6 {[%clk 00:23:44] [%emt 00:01:06]} 39. Bxh7 {[%clk 01:29:19] [%emt
00:00:13]} Re7 {[%clk 00:24:06] [%emt 00:00:08]} 40. Rh4 {[%clk 01:29:26] [%emt
00:00:23]} 1-0

[Site "Europe Echecs"]

[Event "Grand Swiss "]
[Date "2025.09.04"]
[White "Vitiugov, Nikita"]
[Black "Kuzubov, Yuriy"]
[WhiteElo "2666"]
[BlackElo "2600"]
[Round "1.1.36"]
[Result "1/2-1/2"]

1. e4 {[%clk 01:40:28] [%emt 00:00:31]} e5 {[%clk 01:40:54] [%emt 00:00:06]} 2.
Nf3 {[%clk 01:40:51] [%emt 00:00:06]} Nf6 {[%clk 01:41:20] [%emt 00:00:05]} 3.
Nxe5 {[%clk 01:39:23] [%emt 00:01:59]} d6 {[%clk 01:41:43] [%emt 00:00:06]} 4.
Nf3 {[%clk 01:39:48] [%emt 00:00:05]} Nxe4 {[%clk 01:42:06] [%emt 00:00:07]} 5.
Bd3 {[%clk 01:39:55] [%emt 00:00:22]} Nf6 {[%clk 01:41:46] [%emt 00:00:50]} 6.
O-O {[%clk 01:40:19] [%emt 00:00:07]} Be7 {[%clk 01:41:58] [%emt 00:00:18]} 7.
Re1 {[%clk 01:40:14] [%emt 00:00:35]} O-O {[%clk 01:42:09] [%emt 00:00:19]} 8.
Bf1 {[%clk 01:40:37] [%emt 00:00:07]} d5 {[%clk 01:42:03] [%emt 00:00:36]} 9. d4
{[%clk 01:41:00] [%emt 00:00:06]} h6 {[%clk 01:35:00] [%emt 00:07:34]} 10. h3
{[%clk 01:37:28] [%emt 00:04:01]} c5 {[%clk 01:33:58] [%emt 00:01:33]} 11. dxc5
{[%clk 01:34:41] [%emt 00:03:17]} Bxc5 {[%clk 01:34:20] [%emt 00:00:08]} 12. Be3
{[%clk 01:33:33] [%emt 00:01:38]} Bxe3 {[%clk 01:32:23] [%emt 00:02:27]} 13.
Rxe3 {[%clk 01:33:57] [%emt 00:00:06]} Nc6 {[%clk 01:32:38] [%emt 00:00:14]} 14.
c3 {[%clk 01:29:56] [%emt 00:04:31]} Qb6 {[%clk 01:32:59] [%emt 00:00:10]} 15.
Qb3 {[%clk 01:26:04] [%emt 00:04:22]} Qxb3 {[%clk 01:31:00] [%emt 00:02:29]} 16.
axb3 {[%clk 01:26:28] [%emt 00:00:06]} d4 {[%clk 01:30:37] [%emt 00:00:53]} 17.
Nxd4 {[%clk 01:22:43] [%emt 00:04:15]} Nxd4 {[%clk 01:30:17] [%emt 00:00:50]}
18. cxd4 {[%clk 01:23:07] [%emt 00:00:06]} Rd8 {[%clk 01:30:40] [%emt 00:00:06]}
19. Bc4 {[%clk 01:17:16] [%emt 00:06:21]} Rxd4 {[%clk 01:22:19] [%emt 00:08:52]}
20. Nc3 {[%clk 01:16:32] [%emt 00:01:14]} Kf8 {[%clk 00:58:55] [%emt 00:23:55]}
21. Nb5 {[%clk 01:09:49] [%emt 00:07:13]} Rd2 {[%clk 00:59:10] [%emt 00:00:14]}
22. Nc7 {[%clk 01:01:37] [%emt 00:08:42]} Rb8 {[%clk 00:59:06] [%emt 00:00:34]}
23. Rxa7 {[%clk 01:01:54] [%emt 00:00:14]} Rxb2 {[%clk 00:53:39] [%emt
00:05:56]} 24. Ra5 {[%clk 00:52:14] [%emt 00:10:10]} Bd7 {[%clk 00:43:25] [%emt
00:10:44]} 25. Rae5 {[%clk 00:50:34] [%emt 00:02:10]} Rc8 {[%clk 00:27:41] [%emt
00:16:13]} 26. Nb5 {[%clk 00:29:20] [%emt 00:21:45]} Bxb5 {[%clk 00:27:38] [%emt
00:00:33]} 27. Rxb5 {[%clk 00:28:09] [%emt 00:01:41]} Rc7 {[%clk 00:26:08] [%emt
00:02:00]} 28. Rd3 {[%clk 00:26:20] [%emt 00:02:20]} Nd7 {[%clk 00:14:32] [%emt
00:12:05]} 29. Rbd5 {[%clk 00:18:16] [%emt 00:08:34]} Nc5 {[%clk 00:12:46] [%emt
00:02:16]} 30. Re3 {[%clk 00:17:32] [%emt 00:01:13]} g6 {[%clk 00:12:00] [%emt
00:01:16]} 31. Rd8+ {[%clk 00:10:14] [%emt 00:07:49]} 1/2-1/2

[Site "Europe Echecs"]

[Event "Grand Swiss "]
[Date "2025.09.04"]
[White "Daneshvar, Bardiya"]
[Black "Artemiev, Vladislav"]
[WhiteElo "2598"]
[BlackElo "2664"]
[Round "1.1.37"]
[Result "1/2-1/2"]

1. e4 {[%clk 01:40:57] [%emt 00:00:03]} e5 {[%clk 01:40:17] [%emt 00:00:43]} 2.
Nf3 {[%clk 01:41:21] [%emt 00:00:05]} Nc6 {[%clk 01:40:34] [%emt 00:00:14]} 3.
Bc4 {[%clk 01:41:47] [%emt 00:00:04]} Nf6 {[%clk 01:39:27] [%emt 00:01:36]} 4.
d3 {[%clk 01:42:12] [%emt 00:00:06]} Bc5 {[%clk 01:37:16] [%emt 00:02:41]} 5.
O-O {[%clk 01:42:35] [%emt 00:00:06]} d6 {[%clk 01:34:30] [%emt 00:03:17]} 6. c3
{[%clk 01:41:56] [%emt 00:01:10]} h6 {[%clk 01:25:12] [%emt 00:09:48]} 7. Re1
{[%clk 01:41:09] [%emt 00:01:17]} a6 {[%clk 01:15:43] [%emt 00:09:59]} 8. Nbd2
{[%clk 01:40:46] [%emt 00:00:53]} Ba7 {[%clk 01:10:15] [%emt 00:05:58]} 9. Nf1
{[%clk 01:38:45] [%emt 00:02:31]} O-O {[%clk 01:08:19] [%emt 00:02:26]} 10. h3
{[%clk 01:38:45] [%emt 00:00:30]} Re8 {[%clk 01:04:15] [%emt 00:04:34]} 11. Bb3
{[%clk 01:38:24] [%emt 00:00:52]} Be6 {[%clk 01:03:47] [%emt 00:00:57]} 12. Bc2
{[%clk 01:38:49] [%emt 00:00:04]} d5 {[%clk 01:03:14] [%emt 00:01:04]} 13. exd5
{[%clk 01:39:14] [%emt 00:00:05]} Bxd5 {[%clk 00:45:34] [%emt 00:18:10]} 14. Ng3
{[%clk 01:39:38] [%emt 00:00:06]} Bc5 {[%clk 00:36:07] [%emt 00:09:57]} 15. b4
{[%clk 01:27:02] [%emt 00:13:06]} Bf8 {[%clk 00:34:51] [%emt 00:01:46]} 16. a4
{[%clk 01:21:08] [%emt 00:06:24]} g6 {[%clk 00:28:58] [%emt 00:06:22]} 17. Ne4
{[%clk 01:01:33] [%emt 00:20:06]} Bxe4 {[%clk 00:23:42] [%emt 00:05:45]} 18.
dxe4 {[%clk 01:01:49] [%emt 00:00:14]} Qxd1 {[%clk 00:23:48] [%emt 00:00:25]}
19. Rxd1 {[%clk 00:59:03] [%emt 00:03:16]} a5 {[%clk 00:24:12] [%emt 00:00:06]}
20. b5 {[%clk 00:59:27] [%emt 00:00:06]} Nb8 {[%clk 00:24:30] [%emt 00:00:11]}
21. Nd2 {[%clk 00:55:13] [%emt 00:04:44]} Nbd7 {[%clk 00:21:50] [%emt 00:03:11]}
22. Nc4 {[%clk 00:55:16] [%emt 00:00:27]} Nb6 {[%clk 00:19:52] [%emt 00:02:29]}
23. Nb2 {[%clk 00:50:18] [%emt 00:05:27]} Kg7 {[%clk 00:13:20] [%emt 00:07:02]}
24. Kf1 {[%clk 00:45:03] [%emt 00:05:45]} Nfd7 {[%clk 00:10:39] [%emt 00:03:10]}
25. Be3 {[%clk 00:45:26] [%emt 00:00:07]} Nc5 {[%clk 00:05:26] [%emt 00:05:44]}
26. f3 {[%clk 00:42:43] [%emt 00:03:12]} Rac8 {[%clk 00:04:36] [%emt 00:01:21]}
27. Nd3 {[%clk 00:42:44] [%emt 00:00:29]} Nxd3 {[%clk 00:03:47] [%emt 00:01:19]}
28. Bxd3 {[%clk 00:42:58] [%emt 00:00:16]} Red8 {[%clk 00:02:28] [%emt
00:01:49]} 29. Ke2 {[%clk 00:40:40] [%emt 00:02:48]} Be7 {[%clk 00:01:42] [%emt
00:01:15]} 30. g3 {[%clk 00:37:34] [%emt 00:03:36]} h5 {[%clk 00:01:48] [%emt
00:00:24]} 31. h4 {[%clk 00:37:57] [%emt 00:00:07]} Nd7 {[%clk 00:00:55] [%emt
00:01:23]} 32. Bc4 {[%clk 00:38:08] [%emt 00:00:19]} Nc5 {[%clk 00:01:11] [%emt
00:00:14]} 33. Bd5 {[%clk 00:35:57] [%emt 00:02:41]} c6 {[%clk 00:01:36] [%emt
00:00:05]} 34. bxc6 {[%clk 00:35:40] [%emt 00:00:47]} bxc6 {[%clk 00:02:02]
[%emt 00:00:04]} 35. Bc4 {[%clk 00:35:59] [%emt 00:00:11]} Rxd1 {[%clk 00:02:03]
[%emt 00:00:30]} 36. Kxd1 {[%clk 00:36:23] [%emt 00:00:05]} Rb8 {[%clk 00:01:02]
[%emt 00:01:30]} 37. Kc2 {[%clk 00:36:33] [%emt 00:00:20]} Rb7 {[%clk 00:01:20]
[%emt 00:00:12]} 38. Bf2 {[%clk 00:33:38] [%emt 00:03:25]} 1/2-1/2

[Site "Europe Echecs"]

[Event "Grand Swiss "]
[Date "2025.09.04"]
[White "Wojtaszek, Radoslaw"]
[Black "Pranav, V"]
[WhiteElo "2661"]
[BlackElo "2596"]
[Round "1.1.38"]
[Result "1/2-1/2"]

1. d4 {[%clk 01:40:58]} Nf6 {[%clk 01:40:47] [%emt 00:00:13]} 2. c4 {[%clk
01:41:25] [%emt 00:00:04]} e6 {[%clk 01:41:08] [%emt 00:00:10]} 3. Nf3 {[%clk
01:41:51] [%emt 00:00:04]} Bb4+ {[%clk 01:41:27] [%emt 00:00:11]} 4. Bd2 {[%clk
01:42:08] [%emt 00:00:12]} Bxd2+ {[%clk 01:41:48] [%emt 00:00:10]} 5. Qxd2
{[%clk 01:42:27] [%emt 00:00:11]} d5 {[%clk 01:42:11] [%emt 00:00:08]} 6. e3
{[%clk 01:42:21] [%emt 00:00:36]} O-O {[%clk 01:42:32] [%emt 00:00:09]} 7. Be2
{[%clk 01:42:35] [%emt 00:00:15]} Qe7 {[%clk 01:42:52] [%emt 00:00:10]} 8. O-O
{[%clk 01:42:40] [%emt 00:00:25]} dxc4 {[%clk 01:43:07] [%emt 00:00:15]} 9. Na3
{[%clk 01:42:06] [%emt 00:01:03]} Rd8 {[%clk 01:39:40] [%emt 00:03:57]} 10. Nxc4
{[%clk 01:41:51] [%emt 00:00:45]} c5 {[%clk 01:38:57] [%emt 00:01:13]} 11. Rfd1
{[%clk 01:25:43] [%emt 00:16:38]} Nc6 {[%clk 01:33:12] [%emt 00:06:15]} 12. Na5
{[%clk 01:24:55] [%emt 00:01:19]} Nxa5 {[%clk 01:26:38] [%emt 00:07:05]} 13.
Qxa5 {[%clk 01:24:47] [%emt 00:00:38]} cxd4 {[%clk 01:25:44] [%emt 00:01:24]}
14. Nxd4 {[%clk 01:19:22] [%emt 00:05:55]} Bd7 {[%clk 01:17:26] [%emt 00:08:48]}
15. Rac1 {[%clk 01:17:09] [%emt 00:02:42]} Nd5 {[%clk 01:02:02] [%emt 00:15:54]}
16. Bf3 {[%clk 01:09:22] [%emt 00:08:17]} Be8 {[%clk 00:59:53] [%emt 00:02:38]}
17. h3 {[%clk 00:59:01] [%emt 00:10:52]} g6 {[%clk 00:46:38] [%emt 00:13:46]}
18. Ne2 {[%clk 00:52:30] [%emt 00:07:01]} Bc6 {[%clk 00:44:17] [%emt 00:02:51]}
19. Nd4 {[%clk 00:52:24] [%emt 00:00:36]} Be8 {[%clk 00:44:39] [%emt 00:00:08]}
20. Ne2 {[%clk 00:47:03] [%emt 00:05:51]} Bc6 {[%clk 00:44:58] [%emt 00:00:11]}
21. Nd4 {[%clk 00:47:29] [%emt 00:00:04]} Be8 {[%clk 00:45:13] [%emt 00:00:15]}
22. Ne2 {[%clk 00:47:52] [%emt 00:00:06]} Bc6 1/2-1/2

[Site "Europe Echecs"]

[Event "Grand Swiss "]
[Date "2025.09.04"]
[White "Henriquez Villagra, Cristobal"]
[Black "Oparin, Grigoriy"]
[WhiteElo "2594"]
[BlackElo "2660"]
[Round "1.1.39"]
[Result "1/2-1/2"]

1. e4 {[%clk 01:40:57] [%emt 00:00:01]} c5 {[%clk 01:40:55] [%emt 00:00:06]} 2.
Nf3 {[%clk 01:41:21] [%emt 00:00:06]} e6 {[%clk 01:41:18] [%emt 00:00:08]} 3. d4
{[%clk 01:41:39] [%emt 00:00:11]} cxd4 {[%clk 01:41:40] [%emt 00:00:08]} 4. Nxd4
{[%clk 01:42:02] [%emt 00:00:07]} Nf6 {[%clk 01:41:58] [%emt 00:00:12]} 5. Nc3
{[%clk 01:42:24] [%emt 00:00:08]} Nc6 {[%clk 01:42:23] [%emt 00:00:04]} 6. a3
{[%clk 01:42:50] [%emt 00:00:05]} d6 {[%clk 01:42:28] [%emt 00:00:26]} 7. Be3
{[%clk 01:38:17] [%emt 00:05:02]} Be7 {[%clk 01:42:41] [%emt 00:00:17]} 8. Be2
{[%clk 01:38:23] [%emt 00:00:24]} O-O {[%clk 01:43:00] [%emt 00:00:11]} 9. Qd3
{[%clk 01:36:43] [%emt 00:02:09]} a6 {[%clk 01:42:03] [%emt 00:01:27]} 10. f4
{[%clk 01:34:34] [%emt 00:02:39]} e5 {[%clk 01:42:05] [%emt 00:00:29]} 11. Nxc6
{[%clk 01:34:26] [%emt 00:00:37]} bxc6 {[%clk 01:42:31] [%emt 00:00:05]} 12.
fxe5 {[%clk 01:34:50] [%emt 00:00:06]} dxe5 {[%clk 01:42:57] [%emt 00:00:04]}
13. Qxd8 {[%clk 01:32:37] [%emt 00:02:43]} Rxd8 {[%clk 01:43:21] [%emt
00:00:06]} 14. Bd3 {[%clk 01:32:45] [%emt 00:00:22]} Be6 {[%clk 01:42:16] [%emt
00:01:35]} 15. Na4 {[%clk 01:18:29] [%emt 00:14:47]} Nd7 {[%clk 01:40:44] [%emt
00:02:02]} 16. O-O-O {[%clk 01:10:40] [%emt 00:08:18]} c5 {[%clk 01:36:13] [%emt
00:05:02]} 17. c4 {[%clk 01:06:51] [%emt 00:04:19]} Rab8 {[%clk 01:29:43] [%emt
00:07:00]} 18. Nc3 {[%clk 01:01:15] [%emt 00:06:06]} Rb7 {[%clk 01:22:26] [%emt
00:07:47]} 19. Kc2 {[%clk 00:54:04] [%emt 00:07:41]} Rdb8 {[%clk 01:19:20] [%emt
00:03:36]} 20. Rb1 {[%clk 00:53:52] [%emt 00:00:42]} Rb3 {[%clk 01:17:27] [%emt
00:02:24]} 21. Bd2 {[%clk 00:49:52] [%emt 00:04:29]} Nf8 {[%clk 00:37:26] [%emt
00:40:30]} 22. Nd5 {[%clk 00:47:46] [%emt 00:02:36]} Bd6 {[%clk 00:37:51] [%emt
00:00:05]} 23. Nb4 {[%clk 00:34:07] [%emt 00:14:09]} Rxd3 {[%clk 00:38:15] [%emt
00:00:06]} 24. Nxd3 {[%clk 00:34:33] [%emt 00:00:04]} Bxc4 {[%clk 00:38:41]
[%emt 00:00:05]} 25. b4 {[%clk 00:32:39] [%emt 00:02:24]} Rd8 {[%clk 00:37:54]
[%emt 00:01:17]} 26. bxc5 {[%clk 00:26:02] [%emt 00:07:06]} Bxd3+ {[%clk
00:38:20] [%emt 00:00:05]} 27. Kxd3 {[%clk 00:26:27] [%emt 00:00:04]} Bxc5+
{[%clk 00:38:46] [%emt 00:00:04]} 28. Kc2 {[%clk 00:26:07] [%emt 00:00:50]} Bxa3
{[%clk 00:39:06] [%emt 00:00:09]} 29. Bc3 {[%clk 00:23:13] [%emt 00:03:24]} Rc8
{[%clk 00:35:13] [%emt 00:04:24]} 30. Kb3 {[%clk 00:22:02] [%emt 00:01:41]} Bd6
{[%clk 00:34:31] [%emt 00:01:11]} 1/2-1/2

[Site "Europe Echecs"]